000 00373pam a2200157a 44500
008 230515b2015 xxu||||| |||| 00| 0 eng d
020 _a9780521670357
041 _aENGLISH
082 _a005.7
100 _aGUSFIELD D.
245 _aALGORITHMS ON STRINGS TREE AND SEQUENCES
250 _a1997
260 _aDHELI
_bCAMBRIDGE
_c2015
300 _a534P
650 _aNULL
999 _c610509
_d610509